000 00616aas a2200181 4500
999 _c50148
_d50148
001 768714001
003 CO-MdFUSB
005 20170914124721.0
008 170914s1999 ag ||||| |||| 00| 0 spa d
022 _a0326-6737
040 _aCO-MdFUSB
_bspa
_cCO-MdFUSB
_dCO-MdFUSB
041 _aspa
100 1 _aGarcía Bachmann, Mercedes
_eautor
245 1 0 _a¿Qué hacían mientras tanto las mujeres hebreas (Exodo 1-2)?
_c/ García Bachmann, Mercedes
300 _aVolumen 18 (1999), páginas 7-19
_c: 23 cm.
773 0 _tCuadernos de Teología
_049404
_959703
_gVolumen 18 (1999), páginas 7-19
_qPágina 7
942 _cANA